Multiple Choice - Städte - Schwerste Fragen - Statistiken

Allgemein
  • Dieses Quiz wurde 36 mal gespielt
  • Das Durchschnittsergebnis liegt bei 4 aus 15
Antwortstatistiken
Frage Antwort % Korrekt
Stuttgart - Wonach ist das Bauprojekt "Stuttgart 21" benannt? Nach dem 21. Jahrhundert als Symbol für die Zukunft
44%
Münster - Welchen Namen trug das weltliche Territorium im Heiligen Römischen Reich (dt. Nation)? Hochstift Münster
41%
Freiburg im Breisgau - Welches ist das älteste und gleichzeitig wohl bekannteste noch erhaltene Stadttor in Freiburg? Martinstor
38%
Wiesbaden - Wie wird Wiesbaden aufgrund seiner eleganten Architektur, historischen Gebäude und ausgedehnten Parks auch genannt? Nizza des Nordens
38%
Rostock - Wie viele Einwohner hat Rostock ungefähr? 210.000
32%
Wuppertal - In Wuppertal war die/der/das erste … der Welt. Planetarium
32%
Hamburg - Welcher Bezirk ist flächenmäßig der größte in Hamburg? Bergedorf
26%
Karlsruhe - Welcher Fluss fließt durch Karlsruhe? Alb
24%
Halle (Saale) - Was ist keine historische ironische Bezeichnung für Einwohner der Stadt? Halliner
21%
Bremen - Was bedeutet der Name "Bremen"? Am Rande
18%
Duisburg - Welches außergewöhnliche begehbare Kunstwerk steht in Duisburg? Tiger & Turtle
18%
Hannover - Die Truppen welches Landes marschierten 1945 in Hannover ein? USA
18%
Köln - Welcher dieser Preußischen Könige steht nicht an der Hohenzollernbrücke? Friedrich II
12%
Augsburg - Welcher Teil von Augsburg gehört zum UNESCO-Welterbe? Wassermanagement-System
9%
Bielefeld - In welcher Naturlandschaft liegt der Großteil Bielefelds? Ravensberger Land
6%
Keine übereinstimmenden Quizze gefunden
Verteilung der Resultate
Anzahl Personen mit jedem Resultat
Perzentil nach korrekt beantworteten Fragen
Ihre Resultats-Entwicklung
Sie haben dieses Quiz noch nicht gespielt